Ontología IV. Filosofía de la naturaleza. Teoría especial de las categorías: Categorías dimensionales; Categorías cosmológicas
Na minha lista:
| Autor principal: | |
|---|---|
| Formato: | Livro |
| Idioma: | Undetermined |
| Publicado em: |
México, Distrito Federal
Fondo de Cultura Económica
1960
|
| Assuntos: | |
| Tags: |
Adicionar Tag
Sem tags, seja o primeiro a adicionar uma tag!
|
MARC
| LEADER | 00000nam a2200000Ia 4500 | ||
|---|---|---|---|
| 008 | 170316s9999 xx 000 0 und d | ||
| 090 | |a 100 H-5o v.4 | ||
| 100 | |a Hartmann, Nicolai | ||
| 245 | |a Ontología IV. Filosofía de la naturaleza. Teoría especial de las categorías: Categorías dimensionales; Categorías cosmológicas | ||
| 260 | |a México, Distrito Federal | ||
| 260 | |b Fondo de Cultura Económica | ||
| 260 | |c 1960 | ||
| 300 | |a 576 páginas | ||
| 650 | |a FILOSOFÍA | ||
| 650 | |a LA FILOSOFÍA KANTIANA | ||
| 650 | |a METAFÍSICA | ||
| 650 | |a LA COSMOLOGIA | ||
| 650 | |a LA ORGANOLOGIA | ||
| 650 | |a DIMENSIONES DEL MUNDO REAL | ||
| 650 | |a ANÁLISIS CATEGORIAL DEL ESPACIO | ||
| 650 | |a ANÁLISIS CATEGORIAL DEL TIEMPO | ||
| 650 | |a EL SISTEMA ESPACIO - TIEMPO DE LA NATURALEZA | ||
| 650 | |a CATEGORIAS COSMOLÓGICAS | ||
| 999 | |c 16558 |d 16558 | ||
| 040 | |a cru BVZT | ||
| 942 | |c 15 D |h 100 H-5o v.4 |2 z | ||
